[Event "FRA-ch U16"]
[Site "Le Grand Bornand"]
[Date "2007.04.11"]
[Round "5"]
[White "Bekhouche, Christophe"]
[Black "Ludwig, Remi"]
[Result "1-0"]
[WhiteElo "1898"]
[BlackElo "2097"]
[PlyCount "81"]
[EventDate "2007.04.07"]
[EventType "swiss"]
[EventRounds "9"]
[EventCountry "FRA"]
[SourceTitle "CBM 118 Extra"]
[Source "ChessBase"]
[SourceDate "2007.07.04"]
[SourceVersion "1"]
[SourceVersionDate "2007.07.04"]
[SourceQuality "1"]

1. d4 Nf6 2. c4 c5 3. d5 b5 4. cxb5 a6 5. b6 e6 6. Nc3 Nxd5 7. Nxd5 exd5 8. Qxd5 Nc6 9. Nf3 Rb8 10. Ne5 Qf6 11. Nxc6 dxc6 12. Qf3 Be7 13. Bd2 Rxb6 14. Bc3 Qg6 15. e3 Be6 16. Be2 Bd6 17. Rd1 Bc7 18. Ba5 Bd5 19. Qh3 0-0 20. Bd3 f5 21. Bxb6 Bxg2 22. Rg1 Bxh3 23. Rxg6 Bxb6 24. Bc4+ Kh8 25. Rxc6 Ba5+ 26. Ke2 f4 27. f3 fxe3 28. Kxe3 h5 29. Rd5 Bf5 30. Rxf5 Rxf5 31. Rc8+ Kh7 32. Bd3 g6 33. Bxf5 gxf5 34. Rxc5 Bb6 35. b4 Kg6 36. Kf4 Bxc5 37. bxc5 Kf6 38. c6 Ke6 39. c7 Kd7 40. Kxf5 Kxc7 41. Kg5 1-0